|
|
|
|
| LEADER |
01679nam a2200349 a 4500 |
| 001 |
4488942 |
| 008 |
100106s1997 dcua b 000 0 eng d |
| 999 |
|
|
|c 6759
|d 6759
|
| 010 |
|
|
|a \\\97017433
|
| 020 |
|
|
|a 0821339664
|
| 040 |
|
|
|a DLC
|c DLC
|d DLC
|d BD-DhAAL
|
| 082 |
0 |
0 |
|a 307.1412091724
|2 21
|
| 245 |
0 |
0 |
|a Rural development :
|b from vision to action /
|c World Bank Group.
|
| 260 |
|
|
|a Washington, D.C. :
|b World Bank,
|c c1997.
|
| 300 |
|
|
|a x, 157 p. :
|b ill. ;
|c 27 cm.
|
| 490 |
1 |
|
|a Environmentally and socially sustainable development studies and monographs series ;
|v no. 12
|
| 500 |
|
|
|a "The preparation team was led by Alex McCalla, and included Wendy Ayres ... [et al.]."
|
| 504 |
|
|
|a Includes bibliographical references (p. 157).
|
| 541 |
1 |
|
|e 00007409
|
| 650 |
|
0 |
|a Rural development.
|9 32687
|
| 650 |
|
0 |
|a Rural development
|z Developing countries.
|9 32688
|
| 650 |
|
0 |
|a Sustainable development.
|9 32689
|
| 650 |
|
0 |
|a Sustainable development
|z Developing countries.
|9 32690
|
| 650 |
|
0 |
|a Rural development
|x International cooperation.
|9 32691
|
| 700 |
1 |
|
|a McCalla, Alex F.,
|d 1937-
|9 32692
|
| 700 |
1 |
|
|a Ayres, Wendy S.
|9 32693
|
| 710 |
2 |
|
|a World Bank Group.
|9 32694
|
| 830 |
|
0 |
|a Environmentally and socially sustainable development studies and monographs series ;
|v 12.
|9 32695
|
| 852 |
4 |
|
|a Ayesha Abed Library
|j General shelf
|
| 942 |
|
|
|2 ddc
|c BK
|
| 952 |
|
|
|0 0
|1 0
|2 ddc
|4 0
|6 307_141209172400000_RUR_1997
|7 0
|9 6944
|a BRACUL
|b BRACUL
|c GEN
|d 2010-01-06
|l 0
|o 307.1412091724 RUR
|p 3010007409
|r 2010-01-06
|t 1
|w 2010-01-06
|y BK
|
| 952 |
|
|
|0 0
|1 0
|2 ddc
|4 0
|6 307_141209172400000_RUR_1997
|7 0
|9 6945
|a BRACUL
|b BRACUL
|c GEN
|d 2010-01-06
|l 0
|o 307.1412091724 RUR
|p 3010006493
|r 2010-01-06
|t 2
|w 2010-01-06
|y BK
|